000
00231nam a22001097a 4500
082
_a
666 LEE'C
100
_a
LEE, P WILLIAM
_9
58400
245
_a
CERAMICS
260
_a
LONDON
_b
CHAPMAN & HALL
_c
1961
300
_a
210P
942
_c
BK
999
_c
568601
_d
568601